| 000 | 01063nam0a22002891 4500 | ||
|---|---|---|---|
| 001 | rc\4531768 | ||
| 005 | 20130416181829.1 | ||
| 021 |
_aRU _b[64-88957] |
||
| 035 | _a(NLR Aleph) 008630162 | ||
| 090 |
_a8877286 _c8877286 |
||
| 100 | _a20130416d1964 |||y0rusy50 ca | ||
| 101 | 0 | _arus | |
| 102 | _aRU | ||
| 105 | _aa z ||||| | ||
| 200 | 1 | _aПроизводство новых типов переплетных материалов | |
| 210 |
_aМосква _cЛесная пром-сть _d1964 |
||
| 215 |
_a123 с., 1 л. схем. _cчерт. _d22 |
||
| 300 | _aНа обл. загл.: Производство новых переплетных материалов | ||
| 320 | _aБиблиогр.: с. 117-121 | ||
| 512 | 0 | _aПроизводство новых переплетных материалов | |
| 606 |
_aГранитоль _xПроизводство _2psbo |
||
| 700 | 1 |
_aКлупт _bФ. Б. _gФаня Борисовна |
|
| 801 | 0 |
_aRU _bNLR _gpsbo |
|
| 801 | 1 |
_aRU _bELAR _2rusmarc |
|
| 852 |
_aNLR _j64-5/5580 |
||
| 942 | _cBOOK | ||
| 980 | _aNB | ||